00364 2200157 4500001002100000005001500021035002000036245004500056100001600101300001200117260003100129082000800160084001400168990001200182990001200194INLIS00000000000201320250527084707 a0010-05250003051 aJangan Permainkan Cintaku /cNora Robets0 aNora Robets a264 hlm aJakarta :bGramedia,c2001 a813 a813 NOR j a0712486 a0712487